Statistics for Lexus Car Models Worldwide 2022-23

Click here to take the quiz!

General Stats

  • This quiz has been taken 243 times
    (63 since last reset)
  • The average score is 21 of 29

Answer Stats

HintAnswer% Correct
Fullsize SUVLX
93%
Compact SedanIS
90%
Compact Sport SedanIS 500
90%
Midsize CrossoverRX
90%
Midsize Crossover HybridRX Hybrid
90%
Midsize CrossoverRX L
90%
Midsize Crossover HybridRX L Hybrid
90%
Executive SedanLS
86%
Executive Sedan HybridLS Hybrid
86%
Midsize SedanES
83%
Midsize Sedan HybridES Hybrid
83%
Grand TourerLC
83%
Grand Tourer HybridLC Hybrid
83%
Fullsize SUVGX
76%
Compact CoupeRC
76%
SportscarRC F
76%
Compact Coupe HybridRC Hybrid
76%
Compact CrossoverNX
72%
Compact Crossover HybridNX Hybrid
72%
Compact Crossover PHEVNX PHEV
72%
Subcompact CrossoverUX
62%
Subcompact Crossover EVUX EV
62%
Subcompact Crossover HybridUX Hybrid
62%
Subcompact Hatchback HybridCT Hybrid
59%
Executive MinivanLM
55%
Executive Minivan HybridLM Hybrid
55%
Midsize 3-Row CrossoverTX
55%
Compact Crossover EVRZ
38%
Subcompact CrossoverLBX
31%

Score Distribution

Percentile by Number Answered

Percent of People with Each Score

Your Score History

You have not taken this quiz since the last reset